000
00210 a2200097 4500
001
19520
100
_a
Strong E P
245
_a
Management control models
260
_a
_b
Rinchart
_c
1968
090
_c
14263
_d
14263
942
_a
NUST-CAE
_c
M
_c
4740
999
_c
254593
_d
254593